| 000 | 00527nam a2200181 a 4500 | ||
|---|---|---|---|
| 005 | 20140311163009.0 | ||
| 008 | 050712s19uu xx 00 eng d | ||
| 020 | _a0-13-148872-4 | ||
| 050 |
_aQA 76.76.06 _b .M8625 2005 |
||
| 100 | _aMiller, Robin | ||
| 245 |
_aPoint & click Linux! : _byour guide to trouble-free computing / _cRobin Miller. |
||
| 260 |
_aNew Jersey : _bPearson Education Inc, _c2005. |
||
| 300 |
_a270 p. : _bill. ; _c24 cm. |
||
| 521 | _aIT | ||
| 650 | _aLinux. | ||
| 942 |
_cBK _2lcc _kFOR |
||
| 999 |
_c39348 _d39348 |
||